00458nam a2200157Ia 450000100060000000800410000602000070004704000130005408200230006710000220009024500740011226000620018630000110024854600120025965000290027143202140425s9999 xx 000 0 und d aNA cPK-LaUMT aRHC 891.551bABU-S aAbu Saadat Jalili aSaadullah Masih aur faarsi Ramayn Masihi (Persian)cAbu Saadat Jalili aPatna,India:bKhuda Bakhsh Oriental Public Library,c2001 a458 p. aPersian aIrani literature-Persian